Rubén Darío (Record no. 163703)

MARC details
000 -LEADER
campo de control de longitud fija 00942nam a2200217 i 4500
001 - NÚMERO DE CONTROL
campo de control 163703
003 - IDENTIFICADOR DE NÚMERO DE CONTROL
campo de control ES-MaACL
005 - FECHA Y HORA DE LA ÚLTIMA TRANSACCIÓN
campo de control 20240223183406.0
008 - DATOS DE LONGITUD FIJA--INFORMACIÓN GENERAL
campo de control de longitud fija 991102s1899 uy |||| |dspa d
100 1# - ENTRADA PRINCIPAL--NOMBRE DE PERSONA
Nombre de persona Rodó, José Enrique
Fechas asociadas al nombre 1871-1917
9 (RLIN) 98152
245 10 - MENCIÓN DEL TÍTULO
Título Rubén Darío
Resto del título : su personalidad literaria, su última obra /
Mención de responsabilidad, etc. por José Enrique Rodó.
260 ## - PUBLICACIÓN, DISTRIBUCIÓN, ETC.
Lugar de publicación, distribución, etc. Montevideo :
Nombre del editor, distribuidor, etc. [s.n.],
Fecha de publicación, distribución, etc. 1899 (
Fabricante Imp. de Dornaleche y Reyes)
300 ## - DESCRIPCIÓN FÍSICA
Extensión 80 p. ;
Dimensiones 19 cm.
490 1# - MENCIÓN DE SERIE
Mención de serie La vida nueva ;
Designación de volumen o secuencia 2
530 ## - NOTA DISPONIBLE DE FORMULARIO FÍSICO ADICIONAL
Nota de formato físico adicional disponible Disponible en formato digital.
600 14 - PUNTO DE ACCESO ADICIONAL DE MATERIA--NOMBRE DE PERSONA
Nombre de persona Darío, Rubén,
Fechas asociadas al nombre 1867-1916-
Subdivisión general Crítica e interpretación
9 (RLIN) 42722
830 0# - PUNTO DE ACCESO ADICIONAL DE SERIE-TÍTULO UNIFORME
Título uniforme La vida nueva ;
Designación de volumen o secuencia 2
9 (RLIN) 176570
852 ## - LOCALIZACIÓN
Ubicación ES-MaACL
Número de control de estantería T-883-F-4
Nota libre - Enc. hol. conservando cub. original
-- . - Dedicatoria autógrafa del autor
-- - Enc. en un vol. facticio
856 ## - LOCALIZACIÓN Y ACCESO ELECTRÓNICOS
Identificador Uniforme de Recursos <a href="http://bdh-rd.bne.es/viewer.vm?id=0000079589&page=1 ">http://bdh-rd.bne.es/viewer.vm?id=0000079589&page=1 </a>
Nota pública Biblioteca Digital Hispánica
Holdings
Estatus retirado Estado de pérdida Estado de daño No para préstamo Colección Biblioteca de origen Biblioteca actual Ubicación en estantería Fecha de adquisición Total de préstamos Signatura topográfica completa Código de barras Visto por última vez Precio de reemplazo Tipo de ítem Koha
        Colección de folletos Biblioteca del Ateneo de Madrid Biblioteca del Ateneo de Madrid Depósito folletos 17/01/2008   T-883-F-4 1171549 23/02/2023 23/02/2023 Folleto